| 000 | 00847cab a2200241 4500 | ||
|---|---|---|---|
| 001 | ABS59314 | ||
| 008 | 090401t1998 xxu||||| |||| 00| 0 eng d | ||
| 035 | _a(Sirsi) u88453 | ||
| 041 | _aeng | ||
| 100 | _aMcConnachie, L, | ||
| 245 | _aBeware when you repossess residential lettings | ||
| 260 | _c1998 | ||
| 350 | _a0 | ||
| 490 |
_aCSM _bChartered Surveyor Monthly _v8(1) September 1998, 40-41(2) |
||
| 520 | _aAdvises on the rights of possession under assured and assured-shorthold tenancies. Diagram of routes to obtaining possession after February 1997. | ||
| 650 | _aASSURED SHORTHOLD TENANCIES | ||
| 650 | _aASSURED TENANCIES | ||
| 650 | _aREPOSSESSION | ||
| 650 | _aRESIDENTIAL MANAGEMENT | ||
| 690 | _aPROPERTY-RESIDENTIAL PROPERTY-RESIDENTIAL LANDLORD AND TENANT-RESIDENTIAL TENANCIES | ||
| 942 | _n0 | ||
| 948 | _c14/09/1998 | ||
| 999 |
_c55875 _d55875 |
||